00394nam a2200157Ia 4500008004100000020000700041082001500048100002900063245002600092250000700118260003500125300002300160500000700183600003300190650001300223240925s9999 xx 000 0 und d aNA a297.63 SAL aSulaiman ,Muhammad Qazi 0aRehmat ul lel Almeen  aNA aKarachi:bDarul Ishaatc,1988. a90p.bIIfOriginal aNA aHumanities & Natural Science aReligion